中国县级行政区人口密度后50名 Last 50 China counties by population density(2020) - Statistics

General Stats
  • This quiz has been taken 35 times
  • The average score is 28 of 50
Answer Stats
人口密度 省区 县区 % Correct
0.21 新疆 若羌县
96%
0.31 内蒙古 阿拉善右旗
96%
0.23 甘肃 肃北蒙古族自治县
92%
0.31 内蒙古 额济纳旗
92%
0.38 青海 茫崖市
92%
1.86 青海 格尔木市
92%
0.46 西藏 尼玛县
88%
0.50 新疆 且末县
88%
0.09 西藏 双湖县
84%
1.72 西藏 噶尔县
80%
0.14 西藏 日土县
72%
0.40 西藏 错那市
72%
0.34 甘肃 阿克塞哈萨克族自治县
68%
0.44 西藏 墨脱县
68%
1.36 甘肃 肃南裕固族自治县
68%
0.19 西藏 改则县
64%
1.66 新疆 塔什库尔干塔吉克自治县
64%
2.36 内蒙古 额尔古纳市
64%
0.43 青海 治多县
56%
0.71 青海 曲麻莱县
56%
0.75 新疆 民丰县
56%
0.98 西藏 普兰县
56%
0.98 内蒙古 苏尼特左旗
52%
0.89 西藏 察隅县
48%
1.51 青海 都兰县
48%
1.54 内蒙古 新巴尔虎右旗
48%
1.80 西藏 安多县
48%
2.06 内蒙古 东乌珠穆沁旗
48%
2.20 内蒙古 乌拉特后旗
48%
0.33 西藏 革吉县
44%
0.34 西藏 札达县
44%
0.59 西藏 仲巴县
44%
0.59 青海 玛多县
44%
0.74 西藏 措勤县
44%
0.91 青海 天峻县
44%
1.68 内蒙古 新巴尔虎左旗
44%
1.72 新疆 尉犁县
44%
1.94 青海 杂多县
44%
2.21 西藏 聂拉木县
44%
1.94 新疆 伊吾县
40%
2.33 新疆 福海县
40%
0.85 西藏 申扎县
36%
1.31 西藏 萨嘎县
32%
1.33 西藏 班戈县
32%
1.40 内蒙古 阿巴嘎旗
32%
1.76 新疆 巴里坤哈萨克自治县
32%
2.33 西藏 波密县
32%
1.89 西藏 吉隆县
24%
2.00 西藏 昂仁县
20%
2.15 新疆 和布克赛尔蒙古自治县
20%
No matching quizzes found
Score Distribution
Percent of People with Each Score
Percentile by Number Answered
Your Score History
You have not taken this quiz